| 000 | 00547nam a2200133Ia 4500 | ||
|---|---|---|---|
| 008 | 160809s9999 xx 000 0 und d | ||
| 100 | _aAlekseev, Sergej. | ||
| 245 | 2 | _aA New Algorithm for Construction of a P2P Multicast Hybrid Overlay Tree Based on Topological Distances Full Text | |
| 245 | _cSergej Alekseev and Jorg Schafer, Frankfurt University of Applied Sciences, Germany | ||
| 260 | _bComputer Science and Information Technology | ||
| 260 | _cJanuary 2016 | ||
| 650 | _xINFORMATION TECHNOLOGY | ||
| 856 | _uhttp://airccse.org/V6N48.html | ||
| 999 |
_c300023 _d300023 |
||